| 000 | 03609nam a22003977a 4500 | ||
|---|---|---|---|
| 005 | 20110608103154.0 | ||
| 010 | _aENG-102706 B-456921-935 | ||
| 020 |
_a9788174467157 _c495.00 |
||
| 035 | _aEN-86239 B-456921-935 | ||
| 037 | _bDBAD / PUB | ||
| 037 | _bK.K.Pub/Ven | ||
| 082 | _a658.472 | ||
| 245 |
_aI T and business intelligence / _cedited by R.K.Jena |
||
| 260 |
_aNew Delhi _bExcel Boks _c2009 |
||
| 270 |
_aA-45, Naraina phase-1 _bNew Delhi _e110028 |
||
| 300 |
_avi,293 p. : _c24cm (pbk) _bill |
||
| 700 |
_928520 _aJena, R.K. |
||
| 942 |
_2ddc _cEN _mITA _h658.472 |
||
| 999 |
_c53279 _d53279 |
||